Noms des acteurs du MCU #1 - Statistiques

Statistiques générales
  • Ce quiz a été pris 113 fois
  • Le résultat moyen est 11 sur 15
Statistiques - réponses
Personnage Acteur % Correct
Captain America Chris Evans
96%
Spider-Man Tom Holland
96%
Thor Chris Hemsworth
94%
Iron Man Robert Downey JR
94%
Black Widow Scarlett Johansson
92%
Nick Fury Samuel L Jackson
82%
Stephen Strange Benedict Cumberbatch
80%
Hulk Mark Ruffalo
79%
Hawkeye Jeremy Renner
78%
Wanda Maximoff Elizabeth Olsen
77%
Black Panther Chadwick Boseman
74%
Vision Paul Bettany
57%
Falcon Anthony Mackie
53%
Pietro Maximoff Aaron Taylor-Johnson
46%
War Machine Don Cheadle
43%
Aucun quiz correspondant
Distribution des résultats
% des personnes avec chaque résultat
Percentile par nombre de réponses
Votre historique - résultats
Vous n’avez pas pris ce quiz